000 00513nam a2200181Ia 4500
008 090124s9999 xx 000 0 und d
082 _b132339
100 _aसुर्वे नंदा
245 _a पाने उलटताना
250 _a1
260 _c2004
300 _a140
600 _aसुर्वे नंदा
630 _a पाने उलटताना
700 _aसुर्वे नंदा
730 _a पाने उलटताना
942 _cBOOK
999 _c178428
_d178428